| 000 | 00611nac a22001691u 4500 | ||
|---|---|---|---|
| 008 | 080930s1998 xxu||||| |||| 00| 0 ara d | ||
| 082 |
_a507.2 _bس غ ن |
||
| 245 |
_aالعلم والحياة / _cفرناند سغن ؛ ترجمة ميشيل خوري |
||
| 260 |
_aدمشق : _bوزارة الثقافة ،1998 _c1998. |
||
| 300 |
_a151 ص ؛ _c24 سم. |
||
| 511 | _aCatalogued by: Sara | ||
| 650 |
_aالعلوم _921683 _xالبحوث |
||
| 942 |
_cBB _k507.2 س غ ن _2ddc _hRDA-MOD |
||
| 999 |
_c6217 _d6217 |
||
| 336 |
_2rdacontent _aنص _btxt |
||
| 337 |
_aبدون وسيط _2rdamedia _bn |
||
| 338 |
_aمجلد _bnc _2rdacarrier |
||